000 00721nam a22002537a 4500
003 UA-OsUOA
001 97968
007 ta
008 20130408b un ||||| |||| 00| 0 ukr d
090 _a821.161.2
_bП45
942 _cBK
040 _aUA-OsUOA
_bukr
_cUA-OsUOA
_dUA-OsUOA
245 _aПоезія: Ліна Костенко. Олександр Олесь. Василь Симоненко
300 _a272 с.
955 _a3
041 _aukr
080 _a821.161.2
020 _a966-00-0651-6
260 _aК.
_bНаукова думка
_c1999
044 _aUA
250 _n2-ге вид., доп.
650 7 _a82 Література. Літературознавство
_2UDC
999 _c384213
_d384213